Mold and real estate : A handbook for buyers and sellers
| Main Author: | |
|---|---|
| Format: | Book |
| Published: |
Ohio :
Thomson Learning ,
2004
|
| Subjects: |
MARC
| LEADER | 00000cam a2200000 7i4500 | ||
|---|---|---|---|
| 001 | 0000015934 | ||
| 005 | 20050922.0 | ||
| 020 | |a 0324224737 | ||
| 040 | |a INS | ||
| 090 | 0 | 0 | |a TH9035 |b S74 2004 |
| 100 | 1 | |a Streater, Carmel | |
| 245 | 1 | 0 | |a Mold and real estate : |b A handbook for buyers and sellers |c Carmel Streater |
| 260 | |a Ohio : |b Thomson Learning , |c 2004 | ||
| 300 | |a ix : |b 112p. ; |c 28cm. | ||
| 650 | 0 | 0 | |a Molds (Fungi) |x Control |
| 650 | 0 | 0 | |a Molds (Fungi) |x Health aspects |
| 999 | |a 0000015690 |b BOOK |c Open Shelf |e Default branch | ||